00869nam a2200289Ia 4500008004000000020001800040041000800058082001900066100002000085245006500105260004100170300001200211650001200223650001000235650000900245650001100254650001400265650001000279650000800289650001100297650001200308690002100320700002000341906001100361999001900372952018800391210210b2014 xxu||||| |||| 00| 0 eng d a9789382127093 aeng a001.6424V KOMF aKOMALAVALLI (C) aFront end design tool using VB.NET: including crystal report aNew DelhibAne Books Pvt. Ltd.c2014 axiv,171 aVB.NET: ausing atool areport aincluding aFront aend adesign acrystal aComputer Science aSAHU (Sanjib K) a069123 c153239d153239 001040708Computer ScienceaALbALcComputer Scienced2021-02-17ePrajwal Book Distributors, Bangalore-560061g175.00l0o001.6424V KOMFp069123r2021-02-17 00:00:00w2021-02-17yBK